000 00613nam a2200205 a 4500
003 OSt
005 20240226095057.0
008 180219t2011 pk | |||| 000 d urd d
020 _a9789693512410
040 _c0
082 _a891.4392
_bISH 2011
100 1 _aاشفاق احمد
_948655
245 1 0 _aشاہلاکوٹ
_cIshfaq Ahmad
246 _aShahla Kot
260 _aLahore:
_bSang e Meel Pub;
_c2011.
300 _a288 p.
650 _aUrdu literature
_vDrama
_9676
942 _2ddc
_cBK
_aSADA
_k891.4392 ISH 2011
999 _c608126
_d608126